The wild duck /

Bibliographic Details
Main Author: Ibsen, Henrik, 1828-1906
Other Authors: Jurgensen, Kai, Schenkkan, Robert, 1917-2011
Format: Book
Language:English
Published: Arlington Heights, Ill. : Harlan Davidson, [1987?]
Series:Crofts classics

MARC

Tag First Indicator Second Indicator Subfields
LEADER 00000cam a2200000 a 4500
001 in00000025075
005 20151007055718.0
008 870724c19871966ilu b 00010 eng
010 |a  87021209  
020 |a 0882950460 (pbk.) :  |c $4.25 
035 |a (OCoLC)16405814 
035 |9 AAB9051AM 
040 |a DLC  |c DLC  |d TXA  |d UtOrBLW 
041 1 |a eng  |h nor 
049 |a TXAM  |c [A11090421] 
050 0 0 |a PT8881  |b .A35 1987 
082 0 |a 839.8/226  |2 19 
100 1 |a Ibsen, Henrik,  |d 1828-1906. 
240 1 0 |a Vildanden.  |l English 
245 1 4 |a The wild duck /  |c Henrik Ibsen ; a new American translation by Kai Jurgensen and Robert Schenkkan ; with an introduction by John Simon. 
264 1 |a Arlington Heights, Ill. :  |b Harlan Davidson,  |c [1987?] 
264 4 |c ©1966 
300 |a xxv, 147 pages ;  |c 19 cm. 
336 |a text  |b txt  |2 rdacontent 
337 |a unmediated  |b n  |2 rdamedia 
338 |a volume  |b nc  |2 rdacarrier 
490 0 |a Crofts classics 
500 |a Translation of: Vildanden. 
504 |a Bibliography: pages [145]-147. 
700 1 |a Jurgensen, Kai. 
700 1 |a Schenkkan, Robert,  |d 1917-2011. 
999 |a MARS 
999 f f |s 290effcc-366e-3772-a143-9f608ba75c1a  |i 88dc31d0-69e5-35ea-8a88-99e3b8f0fe74  |t 0 
952 f f |p normal  |a Texas A&M University  |b College Station  |c Sterling C. Evans Library  |d Evans: Library Stacks  |t 0  |e PT8881 .A35 1987  |h Library of Congress classification  |i unmediated -- volume  |m A14821091584 
952 f f |p normal  |a Texas A&M University  |b College Station  |c Sterling C. Evans Library  |d Evans: Library Stacks  |t 0  |e PT8881 .A35 1987  |h Library of Congress classification  |i unmediated -- volume  |m A14811090421 
998 f f |a PT8881 .A35 1987  |t 0  |l Evans: Library Stacks 
998 f f |a PT8881 .A35 1987  |t 0  |l Evans: Library Stacks